Fish and river pollution

Main Author: Jones
Published: London: Butterworths, 1964.
Subjects:
LEADER 00452cam a2200157 7i4500
001 0000004198
005 20061125090000.0
035 0 0 |a 0076-16460 
090 0 0 |a QL 639   |b J6 
100 1 0 |a Jones  
245 1 0 |a Fish and river pollution   |c by J.R. Erichsen Jones. 
260 0 0 |a London:   |b Butterworths,   |c 1964. 
300 # # |a 203 p.:   |b ill.;   |c 21 cm.. 
650 0 0 |a Fishe --   |x Physiology  
650 0 0 |a Wate --   |x Pollution  
999 |a 1000062771  |b Book  |c Open Shelf  |e KOLEKSI TERBUKA